Подробности
| 000 -МАРКЕР |
| контрольное поле |
02435nam2a2200325 4500 |
| 001 - ИДЕНТИФИКАТОР ЗАПИСИ |
| контрольное поле |
RU\NLR\BIBL_A\011116810 |
| 005 - ИДЕНТИФИКАТОР ВЕРСИИ |
| контрольное поле |
20250625205120.0 |
| 010 ## - МЕЖДУНАРОДНЫЙ СТАНДАРТНЫЙ НОМЕР КНИГИ (ISBN) |
| Номер (ISBN) |
978-5-7779-1908-3 |
| 010 ## - МЕЖДУНАРОДНЫЙ СТАНДАРТНЫЙ НОМЕР КНИГИ (ISBN) |
| Номер (ISBN) |
978-5-7779-1910-6 |
| Уточнения |
ч. 2 |
| 021 ## - НОМЕР ГОСУДАРСТВЕННОЙ РЕГИСТРАЦИИ |
| Код страны |
Российская Федерация |
| Номер |
2016-29363 |
| Номер Листа государственной регистраци |
1891 |
| 035 ## - ДРУГИЕ СИСТЕМНЫЕ НОМЕРА |
| Идентификатор записи |
(NLR Aleph) 011116810 |
| 100 ## - ДАННЫЕ ОБЩЕЙ ОБРАБОТКИ |
| Данные общей обработки |
20160428d2015 |||y0rusy50 ca |
| 101 0# - ЯЗЫК РЕСУРСА |
| Язык текста, звукозаписи и т.д. |
русский |
| 102 ## - СТРАНА ПУБЛИКАЦИИ ИЛИ ПРОИЗВОДСТВА |
| Страна публикации |
Российская Федерация |
| 105 ## - ПОЛЕ КОДИРОВАННЫХ ДАННЫХ: ТЕКСТОВЫЕ МАТЕРИАЛЫ, МОНОГРАФИЧЕСКИЕ |
| Кодированные данные о монографическом текстовом документе |
h|||z|||100yy |
| 200 1# - ЗАГЛАВИЕ И СВЕДЕНИЯ ОБ ОТВЕТСТВЕННОСТИ |
| Основное заглавие |
2015 - год литературы в России |
| Сведения, относящиеся к заглавию |
в 2 ч. |
| Обозначение и номер части |
ч. 2 |
| Наименование части |
Учебно-методические материалы |
| Сведения, относящиеся к заглавию |
материалы всероссийской научно-практической конференции (Омск, 22-23 мая 2015 г.) |
| Первые сведения об ответственности |
[отв. ред.: д.филол.н., проф. Т.П. Рогожникова] |
| 210 ## - ПУБЛИКАЦИЯ, РАСПРОСТРАНЕНИЕ И ДР. |
| Место издания, распространения и т.д. |
Омск |
| Имя издателя, распространителя и т. д. |
ОмГУ |
| Дата издания, распространения и т.д. |
2015 |
| 215 ## - ФИЗИЧЕСКАЯ ХАРАКТЕРИСТИКА |
| Специфическое обозначение материала и объем |
303 с. |
| Другие сведения о физической характеристике |
факс. |
| Размеры |
21 |
| 300 ## - ОБЩИЕ ПРИМЕЧАНИЯ |
| Текст примечания |
В надзаг.: М-во образования и науки Рос. Федерации, Федер. гос. бюджет. образоват. учреждение высш. проф. образования Омск. гос. ун-т им. Ф.М. Достоевского |
| 320 ## - ПРИМЕЧАНИЯ О НАЛИЧИИ В ДОКУМЕНТЕ БИБЛИОГРАФИИ / УКАЗАТЕЛЯ |
| Текст примечания |
Библиогр. в конце ст. |
| 461 #0 - УРОВЕНЬ НАБОРА |
| Встроенное поле |
001RU\NLR\bibl\6141 |
| -- |
2001#$aСлавянские чтения$eМатериалы докл. науч.-практ. конф.$vВып. 17 |
| Системный номер (АБИС) связанной записи |
4716063 |
| Место публикации |
Омск |
| Дата публикации |
1995 |
| Имя издателя, распространителя и т.д. |
Изд-во Ом. отд-ния Междунар. Фонда слав. письменности и культуры |
| Сведения, относящиеся к заглавию |
Материалы докл. науч.-практ. конф. |
| Заглавие |
Славянские чтения |
| Номер тома |
Вып. 17 |
| 606 1# - НАИМЕНОВАНИЕ ТЕМЫ КАК ПРЕДМЕТ |
| Наименование темы |
Русская филология |
| Формальный подзаголовок |
Съезды, совещания и т.п |
| Системный номер авторитетной/нормативной записи |
1533718 |
| Идентификатор авторитетной/нормативной записи |
RU\NLR\AUTH\66969420 |
| 686 1# - ИНДЕКСЫ ДРУГИХ КЛАССИФИКАЦИЙ |
| Индекс |
Ш041.2я431 |
| 702 #1 - ИМЯ ЛИЦА - ВТОРИЧНАЯ ОТВЕТСТВЕННОСТЬ |
| Код отношения |
Редактор |
| Начальный элемент ввода |
Рогожникова |
| Часть имени, кроме начального элемента ввода |
Т. П. |
| Дополнения к именам, кроме дат |
д-р филол. наук |
| Расширение инициалов личного имени |
Татьяна Павловна |
| Системный номер авторитетной/нормативной записи |
155820 |
| Идентификатор авторитетной/нормативной записи |
RU\NLR\AUTH\770155859 |
| 711 12 - НАИМЕНОВАНИЕ ОРГАНИЗАЦИИ - АЛЬТЕРНАТИВНАЯ ОТВЕТСТВЕННОСТЬ |
| Начальный элемент ввода |
"Славянские чтения", всероссийская научно-практическая конференция с международным участием |
| Порядковый номер временной организации и / или порядковый номер ее части |
17 |
| Место проведения временной организации |
Омск |
| Дата проведения временной организации |
2015 |
| Системный номер авторитетной/нормативной записи |
515588 |
| Идентификатор авторитетной/нормативной записи |
RU\NLR\AUTH\880425527 |
| 942 ## - ДОПОЛНИТЕЛЬНЫЕ ЭЛЕМЕНТЫ ЗАПИСИ (АБИС) |
| Тип экземпляра АБИС |
Книга |
| 980 ## - КОЛЛЕКЦИЯ |
| Название коллекции |
Национальная библиография |